Human resource management : (Record no. 2233)

MARC details
000 -LEADER
fixed length control field 00617nam a2200205 a 4500
001 - CONTROL NUMBER
control field 2235
005 - DATE AND TIME OF LATEST TRANSACTION
control field 20221127090405.0
008 - FIXED-LENGTH DATA ELEMENTS--GENERAL INFORMATION
fixed length control field 100928s lxxua | 00100|eng d
020 ## - INTERNATIONAL STANDARD BOOK NUMBER
International Standard Book Number 9780071267472 :
Terms of availability SR214.00
035 ## - SYSTEM CONTROL NUMBER
System control number 269
082 04 - DEWEY DECIMAL CLASSIFICATION NUMBER
Classification number 658.3
Item number B456 2010
100 1# - MAIN ENTRY--PERSONAL NAME
Personal name Bernardin, H. John.
245 10 - TITLE STATEMENT
Title Human resource management :
Remainder of title an experiential approach /
Statement of responsibility, etc. H. John Bernardin.
250 ## - EDITION STATEMENT
Edition statement 5th ed.
260 ## - PUBLICATION, DISTRIBUTION, ETC.
Place of publication, distribution, etc. Boston, Mass. :
Name of publisher, distributor, etc. McGraw-Hill,
Date of publication, distribution, etc. 2010.
300 ## - PHYSICAL DESCRIPTION
Extent xiii, 813 p. :
Other physical details ill. ;
Dimensions 28 cm.
504 ## - BIBLIOGRAPHY, ETC. NOTE
Bibliography, etc. note Includes bibl. references and index.
650 #4 - SUBJECT ADDED ENTRY--TOPICAL TERM
Topical term or geographic name entry element Personnel management.
650 #4 - SUBJECT ADDED ENTRY--TOPICAL TERM
Topical term or geographic name entry element Employees.
Holdings
Withdrawn status Lost status Source of classification or shelving scheme Damaged status Not for loan Home library Current library Date acquired Total Checkouts Full call number Barcode Date last seen Copy number Price effective from Koha item type
              11/27/2022   658.3 B456 2010 1000000011017 11/27/2022 C2 11/27/2022 Book
          CENTRAL CENTRAL 11/27/2022   658.3 B456 2010 1000000003540 11/27/2022 C1 11/27/2022 Book